Films de requins par images - Statistiques

Statistiques générales
  • Ce quiz a été pris 85 fois
  • Le résultat moyen est 4 sur 12
Statistiques - réponses
Par images Réponse % Correct
Les Dents de la mer
97%
En eaux troubles
59%
Sharknado
56%
Sous la Seine
49%
Peur bleue
33%
Instinct de survie
32%
47 Meters Down
16%
Open Water : En eaux profondes
13%
Sharktopus
12%
The Reef
12%
Bait
11%
L'Année du requin
11%
Aucun quiz correspondant
Distribution des résultats
% des personnes avec chaque résultat
Percentile par nombre de réponses
Votre historique - résultats
Vous n’avez pas pris ce quiz